Регионална библиотека "Любен Каравелов" - Русе

Die felsenmuhle le moulin du roche (Запис номер 373413)

MARC детайли
000 -Лидер
Контролно поле с фиксирана дължина ncm a22 c 4500
003 - Код на организацията, давaща контролен номер
Контролно поле BLK
005 - Дата и час на последна редакция
Контролно поле 20200707132302.0
008 - Елементи от данни с фиксирана дължина
fixed length control field 180414b bul |a|er|||| |0| c|bulo|
010 ## - Наследен системен номер
LC control number NOT00002612000
040 ## - Източник на каталожния запис
Идентификатор на билиотеката - собственик на записа BLK
041 ## - Код за език
Код за езика на текст/звукозапис или на отделно заглавие Немски
Код за езика КДБФ Немски
080 ## - УДК
Текстов определител УДК Увертюри, прелюдии към драматични произведения
УДК код - определител по УДК 785.11.086.1
УДК - код + определител 785.11.086.1
080 ## - УДК
Текстов определител УДК Музика за пиано
УДК код - определител по УДК 786.2
100 ## - Редна дума - Автор
Автор Reissiger, C.G.
R(LIN) 417603
139 ## - Редно поле
Редна дума Reissiger, C.G.
245 ## - Сведения за заглавието
Заглавие Die felsenmuhle le moulin du roche
Подзаглавни данни Ouverture
Редно поле (дума) C.G. Reissiger
257 ## - Страна на издаване
Страна на създаване/издаване Германия
260 ## - Област на издателските данни
Година на издаване S.a.
9 (RLIN) 417507
Място на издаване, разпространение и проч. Leipzig - London - Brunelles - Paris
Име на издателя, разпространителя и проч. B. schott s sohne
300 ## - Физическа характеристика
Размери/Мащаб 33 см
Съпровождащи материали 18 щима
380 ## - Жанр
Жанр Изкуство
650 #4 - Допълнително описание по предмет – тема
Основно описание – тема или топоним Увертюри
9 (RLIN) 174542
653 ## - Ключова дума – ненормативна
Ключова дума увертюри
653 #7 - Ключова дума – ненормативна
Ключова дума оперети
9 (RLIN) 192845
700 ## - Други автори (авторска отговорност)
Лично име Reissiger, C.G.
9 (RLIN) 417603
700 ## - Други автори (авторска отговорност)
Лично име Pauer, E.
9 (RLIN) 39
Автороска отговорност (Описва отношението между автора и произведението) bearb.
852 ## - Местоположение
Форматна сигнатура Цб М ІІ 11070
Част 0
Фондова буква Хранилище
856 4# - Електронен адрес и достъп
Електронен формат pdf - файл
Път до файла /url/
856 4# - Електронен адрес и достъп
Електронен формат pdf - файл
Път до файла /url/
999 ## - СИСТЕМНИ КОНТРОЛНИ НОМЕРА
Koha biblionumber 373413
Koha biblioitemnumber 373413
942 ## - АРТИКУЛИ
Вид на библиотечния материал Нотни издания
Скрит в OPAC Не
Периодичен библиозапис Да
944 ## - СЪЗДАВАНЕ И РЕДАКЦИЯ на ЗАПИСА
Създаване/Редакция Създаване
Дата на регистрацията/редакция 2020-07-07
Служител, извършил регистрацията/редакцията Атанаска Минкова
999 ## - СИСТЕМНИ КОНТРОЛНИ НОМЕРА
Koha biblioitemnumber 373413
999 ## - СИСТЕМНИ КОНТРОЛНИ НОМЕРА
Koha biblioitemnumber 373413
999 ## - СИСТЕМНИ КОНТРОЛНИ НОМЕРА
Koha biblioitemnumber 373386
999 ## - СИСТЕМНИ КОНТРОЛНИ НОМЕРА
Koha biblioitemnumber 373342
999 ## - СИСТЕМНИ КОНТРОЛНИ НОМЕРА
Koha biblioitemnumber 373325
999 ## - СИСТЕМНИ КОНТРОЛНИ НОМЕРА
Koha biblioitemnumber 373325
999 ## - СИСТЕМНИ КОНТРОЛНИ НОМЕРА
Koha biblioitemnumber 312701
Наличности
Код за отписване Код за изгубен артикул Източник на класификационната схема Код за повреда Коз за рестрикции Код за отдаване Артикулен № Име на библиотеката - собственик Име на библиотеката, в която се намира в момента Статус (Текущо местоположение) Дата на вписване в системата Местоположение - отдел Цена в лева Инвентарен номер Систематично азбучна сигнатура Баркод Цена в евро Служебен тип на артикула
  Не е изгубен Universal Decimal Classification Не е повреден само за читалня ползва се в читалня 782253 Регионална библиотека "Любен Каравелов" Русе Регионална библиотека "Любен Каравелов" Русе Хранилище 2020-07-08 Основен фонд - ползва се само за читалня 0.01 1791/93 Цб М ІІ 11070 900000024769 0.01 Нотни издания
Vip Innovations Ltd, Rousse, Bulgaria 2025